01007nam a2200229 a 450000100100000000500170001000800410002702000150006804000250008310000280010824501370013626000580027330000230033149000300035450001210038470000390050570000360054474000390058083000360061995201050065599900170076000003987220201002033801.0130725s2002 sp 000 0 spa d a8400080688 aDO-SdBNPbspacBNPHU1 aValls, Francisco96608010aFrancesc Valls :bMapa armónico práctico (1742a) / Josep Pavia Simó, ed. ; colaboran: José V. González Valle ... [et al.]. aBarcelona :bInstitución Milá y Fontanals,c2002. a535 p. : ;c28 cm.1 aTextos universitariosv37 aEd. facsímilar del ejemplar manuscrito conservado en la Biblioteca de la Universidad de Barcelona (manuscrito 783)1 aPavia i Simó, Josep,eed.9660811 aGonzález Valle, José9660821 aMapa armónico práctico (1742a) 0aTextos universitariosv3791147 001050718MOaGRbGRcCTd2013-07-25iLF1l0o p39872-10r2020-06-25w2020-06-25y1ZNo se presta c39362d39362